000 00366nam a2200145Ia 4500
005 20240807062425.0
008 240806s9999||||xx |||||||||||||| ||eng||
041 _aeng
100 _aDwivedi, Rameshwar Prasad
245 0 _aHindi geetikavya /
_cDwivedi, Rameshwar Prasad
260 _bAradhna Prakashan, Kanpur
300 _a558p.
650 _aHindi
942 _cBK
999 _c18549
_d18549